Cartoon Schools Quiz Stats

 Plays Quiz Updated Nov 24, 2013

Support Sporcle.
Go Orange.
Score 0/16 Timer 03:00
2 Plays Today
% Correct
SpongeBob SquarePants
91.1%
The Simpsons
89.8%
South Park
88.8%
The Jetsons
84.7%
Family Guy
65.5%
The Fairly OddParents
52.8%
Futurama
51.5%
Recess
50.9%
% Correct
Hey Arnold!
46.4%
The Powerpuff Girls
45%
Tiny Toon Adventures
28.5%
Invader Zim
18.2%
Beavis and Butt-head
17.3%
Ed, Edd n Eddy
12%
The Amazing World of Gumball
10.7%
Bob's Burgers
10.6%

From the Vault

The Great Elimination Mystery!

by MSUKent

We'd tell you to go find a magnifying glass, but we're not sure that would help. It'd look pretty cool though.
Remove Ads.
Support Sporcle.
Get the best of Sporcle when you Go Orange. This ad-free experience offers more features, more stats, and more fun while also helping to support Sporcle. Thank you for becoming a member.

Show Comments

Extras

Top Quizzes Today


Score Distribution

Your Account Isn't Verified!

In order to create a playlist on Sporcle, you need to verify the email address you used during registration. Go to your Sporcle Settings to finish the process.

Report this User

Report this user for behavior that violates our Community Guidelines.

Details: